Grywalne frakcje z serii Warhammer 40,000: Dawn of War - Statystyki

Ogólne statystyki
  • Ten quiz został rozwiązany 34 razy
  • Średni wynik to 6 z 10
Statystyki odpowiedzi
Frakcje % Poprawnych
Orkowie
91%
Chaos
88%
Eldarzy
78%
Gwardia Imperialna
69%
Nekroni
69%
Kosmiczni Marines
66%
Siostry Bitwy
53%
Mroczni Eldarzy
50%
Tyranidzi
50%
Dominium Tau
34%
Nie znaleziono quizów pasujących do podanych kryteriów
Rozkład punktacji
Procent ludzi z każdym wynikiem
Percentyl według liczby udzielonych odpowiedzi
Twoja historia wyników
Nie rozwiązałeś tego quizu